| 000 | 00925nam a22001817a 4500 | ||
|---|---|---|---|
| 999 |
_c59442 _d59442 |
||
| 003 | Ge_BSU | ||
| 005 | 20230217113322.0 | ||
| 008 | 230216s2002 ge ||||| |||| 00| 0 geo d | ||
| 020 | _a9992803878 | ||
| 041 | _ageo | ||
| 080 | _a347.78 კ-90 | ||
| 100 |
_aკუნცევა-გაბაშვილი, ნინო _916952 |
||
| 245 |
_aსაავტორო უფლებები : _bთქვენი ადვოკატის 100 პასუხი 101 კითხვაზე : დანართი საქართველოს კანონი საავტორო და მომიჯნავე უფლებების შესახებ / _c ნინო კუნცევა–გაბაშვილი. |
||
| 264 |
_aთბილისი, _c2002. |
||
| 300 |
_a85 გვ. ; _b19 სმ. |
||
| 653 | _aსაავტორო უფლებები | ||
| 942 |
_2udc _cBK |
||